000 00427cam a2200181ua 4500
001 2867
008 110913n ii |||gr||||Z||||||asm
040 _cMAIN
082 _a920
100 1 _aBarman, Phulen,
_eAuthor.
245 1 1 _aCharles Sobharaj
_cby Phulen Barman
250 _a1st.
260 _aDibrugarh:
_bBani Mandir,986.
300 _a145p:
_c23cm.
653 _aBiography
653 _aCharles Sobharaj
942 _cBK
999 _c2716
_d2716